Business ethics : (Record no. 7537)

MARC details
000 -LEADER
fixed length control field 00654nam a22001937a 4500
003 - CONTROL NUMBER IDENTIFIER
control field OSt
005 - DATE AND TIME OF LATEST TRANSACTION
control field 20211125132928.0
008 - FIXED-LENGTH DATA ELEMENTS--GENERAL INFORMATION
fixed length control field 211125b ||||| |||| 00| 0 eng d
040 ## - CATALOGING SOURCE
Transcribing agency DDC
082 ## - DEWEY DECIMAL CLASSIFICATION NUMBER
Classification number 174.4 .HAR 2014
100 ## - MAIN ENTRY--PERSONAL NAME
Personal name Laura P. Hartman; Joe, DesJardins; Chris ,MacDonald
9 (RLIN) 15430
245 ## - TITLE STATEMENT
Title Business ethics :
Remainder of title Decision Making for Personal Integrity and Social Responsibility
250 ## - EDITION STATEMENT
Edition statement Third edition
260 ## - PUBLICATION, DISTRIBUTION, ETC. (IMPRINT)
Place of publication, distribution, etc. Dubuque :
Name of publisher, distributor, etc. McGraw-Hill Companies;
Date of publication, distribution, etc. 2014,
300 ## - PHYSICAL DESCRIPTION
Extent xv, 589 pages :
Other physical details illustrations ;
Dimensions 24 cm
504 ## - BIBLIOGRAPHY, ETC. NOTE
Bibliography, etc Includes bibliographical references and index.
650 ## - SUBJECT ADDED ENTRY--TOPICAL TERM
Topical term or geographic name as entry element Business ethics.
9 (RLIN) 5048
942 ## - ADDED ENTRY ELEMENTS (KOHA)
Source of classification or shelving scheme Dewey Decimal Classification
Koha item type Book
Holdings
Withdrawn status Lost status Source of classification or shelving scheme Damaged status Not for loan Home library Current library Date acquired Source of acquisition Inventory number Total Checkouts Full call number Barcode Date last seen Price effective from Koha item type
    Dewey Decimal Classification     Faculty of Management Science Library Faculty of Management Science Library 25/11/2021 Purchase 15/032   174.4 .HAR 2014 2021-1904 25/11/2021 25/11/2021 Book
    Dewey Decimal Classification     Faculty of Management Science Library Faculty of Management Science Library 25/11/2021 Purchase 15/035   174.4 .HAR 2014 2021-1905 25/11/2021 25/11/2021 Book
    Dewey Decimal Classification     Faculty of Management Science Library Faculty of Management Science Library 25/11/2021 Purchase 15/031   174.4 .HAR 2014 2021-1906 25/11/2021 25/11/2021 Book
    Dewey Decimal Classification     Faculty of Management Science Library Faculty of Management Science Library 25/11/2021 Purchase 15/033   174.4 .HAR 2014 2021-1907 25/11/2021 25/11/2021 Book
    Dewey Decimal Classification     Faculty of Management Science Library Faculty of Management Science Library 25/11/2021 Purchase 15/035   174.4 .HAR 2014 2021-1908 25/11/2021 25/11/2021 Book